[Event "ROM-ch U08 Girls"]
[Site "Calimanesti Caciulata"]
[Date "2016.04.21"]
[Round "4"]
[White "Nicorescu, Ruxandra Mihaela"]
[Black "Sida, Flavia Maria"]
[Result "0-1"]
[WhiteElo "1001"]
[BlackElo "1001"]
[PlyCount "34"]
[EventDate "2016.04.18"]
[EventType "swiss"]
[EventRounds "9"]
[EventCountry "ROU"]
[SourceTitle "CBM 172 Extra"]
[Source "ChessBase"]
[SourceDate "2016.06.21"]
[SourceVersion "1"]
[SourceVersionDate "2016.06.21"]
[SourceQuality "1"]

1. e4 e5 2. Bc4 Nf6 3. Nc3 Bc5 4. Nf3 Nc6 5. 0-0 0-0 6. Ng5 d6 7. Nxf7 Rxf7 8. Bxf7+ Kxf7 9. d3 Bg4 10. Ne2 Qe8 11. Qe1 Kg8 12. Nc3 Qh5 13. Nb5 Rc8 14. Bd2 Be2 15. Be3 Bxf1 16. Qxf1 Nd4 17. c3 Nxb5 0-1

[Event "ROM-ch U08 Girls"]
[Site "Calimanesti Caciulata"]
[Date "2016.04.20"]
[Round "3"]
[White "Spiridon, Teodora"]
[Black "Nicorescu, Ruxandra Mihaela"]
[Result "0-1"]
[WhiteElo "1001"]
[BlackElo "1001"]
[PlyCount "61"]
[EventDate "2016.04.18"]
[EventType "swiss"]
[EventRounds "9"]
[EventCountry "ROU"]
[SourceTitle "CBM 172 Extra"]
[Source "ChessBase"]
[SourceDate "2016.06.21"]
[SourceVersion "1"]
[SourceVersionDate "2016.06.21"]
[SourceQuality "1"]

1. e4 e5 2. Bc4 Nf6 3. Nf3 Nxe4 4. Nc3 Nxc3 5. dxc3 Bc5 6. 0-0 0-0 7. Nxe5 d6 8. Bxf7+ Rxf7 9. Nxf7 Kxf7 10. Qf3+ Qf6 11. Qxf6+ gxf6 12. Be3 Bxe3 13. fxe3 Bf5 14. Rxf5 Nc6 15. b4 Ne5 16. b5 Ng4 17. e4 Ne3 18. Rf2 c6 19. bxc6 bxc6 20. Re2 Ng4 21. Rd2 Re8 22. h3 Ne3 23. Kf2 Rxe4 24. g3 Nf5 25. Kf3 d5 26. Re2 Rc4 27. g4 Nh4+ 28. Kg3 Ng6 29. Rae1 Rxc3+ 30. Kg2 Rxh3 31. Rb1 0-1